000 00974nac a22002777a 4500
001 BR8304750
003 BR-BrBNA
005 20240105115831.0
008 230509b bl.|||m| |||| 00| 0 por d
040 _aBR-BrBNA
_bpor
_cBiblioteca Nacional de Agricultura
072 _aF00; H00
090 _a0210 BR8304750
100 1 _aSouza, Z. da S.
100 1 _aBonin, V.
110 1 _aEmpresa Catarinense de Pesquisa Agropecuaria S.A., Florianopolis, SC (Brasil)
245 1 _aDosagens e epocas de aplicacao de dessecantes na colheita antecipada da batata-semente [Santa Catarina, Brasil]
260 3 _aFlorianopolis, SC (Brasil):
_c1983.
300 _a4 p.
490 _aPesquisa em Andamento - Empresa Catarinense de Pesquisa Agropecuaria S.A. (Brazil)
_vno. 17
_xISSN 0101-7861
650 _aBATATA SEMENTE
650 _aCOLHEITA
650 _aDESSECANTE
650 _aSANTA CATARINA
909 _a202312
_bLúcia Elande
_c55
_dLúcia Elande
942 _2AGRIS
_n0
_cMS
999 _c276620
_d276620